1556 1313 1802 1153 1307 1369 1291 1057 1073 1812 1568 1077 1991 1174 1762 1444 1277 1973 1585 1886 1795 1509 1434 1111 1938 1939 1135 1795 1610 1671 1230 1689 1873 1586 1788 1350 1727 1668 1426 1668 1702 1868 1623 1963 1632 1604 1748 1370 1954 1079 1428 1323 1288 1316 1770 1077 1591 1308 1609 1447 1903 1103 1343 1272 1429 1037 1781 1012 1352 1784 1314 1593 1808 1119 1172 1657 1616 1726 1233 1256 1349 1519 1655 1199 1861 1129 1845 1079 1624 1067 1765 1871 1485 1339 1595 1380 1890 1074 1431 BCNSPRNW ULIB Ver.6.0+V

เปลี่ยนเป็นภาษาไทย

Change to English
 แสดงรายละเอียดบรรณานุกรม
  กลับหน้าหลัก

Brief Record : Get Marc (ISO 2709) : E-mail record : QR code < ปิดหน้าต่าง
LEADER : 00000nas 2200000uu 4500
001    13399122403
003     ULIB
008    020711s|||| th a 000 0 tha d
110    มูลนิธิส่งเสริมสร้างเอกลักษณ์ของชาติ
245    ทิศไท(วิทยาเขตนครสวรรค์)/^cมูลนิธิส่งเสริมสร้างเอกลักษณ์ของชาติ
260    กรุงเทพฯ :^bมูลนิธิส่งเสริมสร้างเอกลักษณ์ของชาติ,^cม.ป.ป.
310    ^aรายสามเดือน
850    ^aฉบับที่ 11 ปีที่ 4;ฉบับที่ 11 ปีที่ 4 ฉ.2
945    ^p0^l0^i800451
945    ^p0^l0^i800452
999    ^aทศพร เกษรทอง
รายการนี้ยังไม่มีแท็ก
คุณยังไม่ได้ล็อกอิน คุณสามารถมีกิจกรรมร่วมกับเว็บไซต์ได้ แต่ต้องล็อกอินก่อน ::
  ล็อกอิน

รายการสื่อสารสนเทศ (วารสาร)

ดูแบบ: กล่อง รายการ
ARRIVED
ฉบับที่ 11 ปีที่ 4
สถานที่: ห้องสมุดวิทยาเขตสวรรค์ประชารักษ์ >วารสาร

BibComment


ยังไม่เคยถูกคอมเมนท์

คอมเมนท์ทรัพยากรรายการนี้
  คอมเมนท์: ทิศไทวิทยาเขตนครส..


 Copyright 2026. Bcnsprnw @Library